Dear me

Zapisane w:
Opis bibliograficzny
1. autor: Ustinov, Peter (Autor)
Format: Książka
Język:angielski
Wydane: Londres Book Club Associates 1979
Hasła przedmiotowe:
Etykiety: Dodaj etykietę
Nie ma etykietki, Dołącz pierwszą etykiete!

MARC

LEADER 00000cam a2200000 a 4500
001 UCF5871
003 CL-VaPUC
008 130328e19790000UK |||||||||||||||||eng|d
082 0 4 |a 791.0924  |b UST  |2 21 
100 0 |a Ustinov, Peter  |e author  |9 567855 
245 1 0 |a Dear me 
300 |a 344 p 
942 |c BK 
945 |d 20130328 00:00:00  |a dcastane 
260 |a Londres  |b Book Club Associates  |c 1979 
650 0 |a Autobiografías   |9 265171 
650 0 |a Actores de cine  |9 356708 
583 |a last modification  |c 20130328 10:53:00  |k Rodrigo Vera 
999 |c 351264  |d 351262 
952 |0 0  |1 0  |4 0  |6 791_092400000000000_UST_1979  |7 0  |8 P  |9 455268  |a BIBEDU  |b BIBEDU  |c BIBEDU_PB  |d 2019-11-22  |i 4956591  |o 791.0924 UST 1979  |p 4956591  |r 2024-01-25  |w 2019-11-22  |y BK  |k LIT